000 00323nam a2200133Ia 4500
008 150201s2008 xx 000 0 und d
082 _a612.015
_bM08G
100 _aGEORING,RICHARD V
245 _aNIMS'S MEDICAL MICROBIOLOGY
250 _a4TH
260 _bELSEVIER
_aDELHI
_c2008
650 _aMICROBIOLOGY
942 _2ddc
_cBK
999 _c966
_d966